| 000 | 00602nam a22001457a 4500 | ||
|---|---|---|---|
| 005 | 20241221134220.0 | ||
| 008 | 241004b |||||||| |||| 00| 0 eng d | ||
| 050 | _aDPer050 M72 January-March 2018 v. 66 no. 8-10 | ||
| 100 |
_aGalapon-Vilar, Joanabelle V. _eauthor. _962250 |
||
| 245 |
_aYou be the judge : _b(learners with special needs) / _cJoanabelle V. Galapon-Vilar. |
||
| 260 |
_aPhilippines; _bPublishers Association of the Philippines, Inc., _cFebruary 2019. |
||
| 300 |
_aVolume 66, pages 326-327, _billustration. |
||
| 700 |
_aGalapon-Vilar, Joanabelle V. _eauthor. _962251 |
||
| 942 |
_2ddc _cPER |
||
| 999 |
_c22216 _d22216 |
||